02832nam a22003137i 4500003000900000005001700009007000300026008004100029020001500070040003100085041000800116082002500124100005600149245008400205264008200289300006000371336002700431337003400458338003100492505140400523590002801927650007901955651008302034651009302117910003702210942001402247952024002261999001702501DO-SdBNP20250313135520.0ta250305b2001 dr ac||| |||| 00| 0 eng d a9993481734 aDO-SdBNPbspacBNPHU erda aspa 4a 972.9356bE77sa2221 aEspinal Estévez, Pierod1974-4aut.921618eautor1 aSan José de las Matas :bapuntes para su historia /cPiero Espinal Estévez. aSanto Domingo, República Dominicana :bEditorial Letra Gráfica, c©2001. a264 páginas :bilustraciones, fotografías;c23 cm.  atextobtxt2rdacontent asin mediación bn2rdamedia avolumen bnc2rdacarrier  aFundación de San José de las Matas 7|HISTORIA POLITICA Y MILITAR DE SAN JOSÉ DE LAS MATAS |El San José de las Matas patriótico 11|Revolución de 1857 17|Guerra de la Restauración 18|Revolución de 1912 19|Gobierno de Horacio Vásquez 23|Crónicas de la política en San José de las Matas 27|Alcaldes Comunales de San José de las Matas 34|Comandantes de Armas de San José de las Matas 37|Ayuntamiento 40|ERA DE TRUJILLO|Asesinato de Virgilio Martínez Reyna 54|Asesinato de los Hermano Perozo 56|Sede del Gobierno Nacional 57|Las suntuosas bodas Rubirosa-Trujillo 60|Divorcio Rubirosa-Trujillo 61|Voto electoral femenino trujillista 63|Un "no" a Trujillo 65|DESARROLLO URBANO|Calles 70|Carretera San José de las Matas-Santiago 71|Carretera Cibao-Sur 77|Fego de 1938 80|Fuego de 1954 82|Cuerpo de Bomberos 87|RELIGION 88|Cultura religiosa 100|La Semana Santa ancestral 102|EDUCACION 107|SALUD|La medicina en San José de las Matas 118|La medicina casera 121|Peculiaridades del lenguaje del paciente en nuestra zona rural 126|CULTURA|Sociedad Ornato y Progreso 130|Sociedad cultural Lira Serrana 131|Fiestas Patronales 133|Música 139|Artes plásticas 154|Fotografía 156|Movimiento Scout 157|FOLKLORE|Personajes pintorescos 160|Familias pintorescas 172|Zoológico municipal 172|DEPORTES|Béisbol 173|Softball 186|Voleibol 191|SAN JOSE DE LAS MATAS HOY 200|APENDICES 205 aInventariado, 2023 /LP  7a Ciudades y pueblos (República Dominicana) xHistoria local2LEMB911182 7aSan José de las Matas (República Dominicana) xHistoria local2LEMB945105 7aSan José de las Matas (República Dominicana)x Vida social y costumbres 2LEMB91693 aValidado. Control de calidad MFF 2ddccLBS1 00102ddc708PDaBNPHUbBNPHUcHDd2025-03-05eDonado por la Presidencia de la República Dominicanal0oBNPHU PD 972.9356 E77sap2025-1457r2025-03-05w2025-03-05yLBS1zPerteneció a la biblioteca personal de Emilio Cordero Michel c58319d58319